000 00355nam a2200133Ia 4500
003 GCL
008 140319s9999 xx 000 0 ara d
040 _aGCL /
_cGCL
082 0 4 _a070.956
_bف ص
245 1 0 _aالصحافة العربية المهاجرة
260 _a[S.N] :
_bعالم الكتب الحديث ،
_c1993
300 _a477 ص
490 _a
999 _c32159
_d32159